Az önszámlázás implementációja a Robert Bosch Kft. Európai Logisztikai Központjában

Bibliográfiai részletek
Szerző: Herczeg Márta
További közreműködők: Veress Dr. Attila
Dokumentumtípus: Diplomadolgozat
Kulcsszavak:Robert Bosch Kft.
Önszámlázás
Implementáció
Online Access:http://dolgozattar.uni-bge.hu/9101

MARC

LEADER 00000nta a2200000 i 4500
001 dolg9101
005 20161219101631.0
008 161219suuuu hu om 000 hun d
040 |a BGE Dolgozattár Repozitórium  |b hun 
041 |a hu 
100 1 |a Herczeg Márta 
245 1 3 |a Az önszámlázás implementációja a Robert Bosch Kft. Európai Logisztikai Központjában  |c Herczeg Márta  |h [elektronikus dokumentum] 
695 |a Robert Bosch Kft. 
695 |a Önszámlázás 
695 |a Implementáció 
700 1 |a Veress Dr. Attila  |e ths 
856 4 0 |u http://dolgozattar.uni-bge.hu/9101/1/Szakdolgozat_Herczeg_M%C3%A1rta_W0VJZW.pdf  |z Dokumentum-elérés 
856 4 0 |u http://dolgozattar.uni-bge.hu/9101/2/Nyilatkozat_Herczeg_M%C3%A1rta_W0VJZW.pdf  |z Dokumentum-elérés 
856 4 0 |u http://dolgozattar.uni-bge.hu/9101/3/Titkos%C3%ADt%C3%A1si_k%C3%A9relem_Herczeg_M%C3%A1rta_W0VJZW.pdf  |z Dokumentum-elérés